000 00415nam a22001577a 4500
999 _c3494
_d3451
008 190701b ||||| |||| 00| h eng d
020 _a9757265292
041 _atur
050 _aPL248.C422
100 _aÇelik, Jaklin
_91278
245 _aKum Saatinde Kumkapı : Öykü
260 _aİstanbul:
_bAras Yayıncılık,
_cAğustos 2000
300 _a105 Sayfa
650 0 _9145
_aTürk Edebiyatı
942 _2lcc
_cBK